000 00561cam a2200169 4500500
005 20260405004058.0
041 _afre
042 _adc
100 1 0 _aTenaillon, Nicolas
_eauthor
245 0 0 _aLa force du non-dit
260 _c2021.
500 _a23
690 _aFerdinand Saussure
690 _aRhétorique
786 0 _nPhilosophie magazine - Hors séries | Hors-série Autome-hiver 2021 | HS51 | 2021-10-01 | p. 10-10 | 2104-9246
856 4 1 _uhttps://shs.cairn.info/magazine-philosophie-magazine-2021-hs51-page-10?lang=fr&redirect-ssocas=7080
999 _c2073495
_d2073495